000 00597nam a22002051i 4500
003 OSt
005 20150311184624.0
008 981210s1976 sp spa
020 _a84-253-0704-X
040 _cBMC
082 _a823
100 1 _aSeymour, Gerald
_931390
245 1 3 _aEl juego de Harry
_cGerald Seymour ; [traducido del inglés por Mª Antonia Menini]
260 _aBarcelona
_bGrijalbo
_ccop. 1976
300 _a325 p., 1 h.
_c19 cm
546 _aTraducción de: Harry's game
650 2 4 _911162
_aNovela inglesa
700 1 _930812
_aMenini, María Antonia
942 _2ddc
_cBK
999 _c18357
_d18357